000 00408nam a2200169Ia 4500
008 230524s9999 xx 000 0 und d
020 _a818350065X
082 _a657.48
_bGRE
100 _aT.S.Grewal
245 0 _aDouble Entry Book Keeping CBSE XII
250 _a1ST
260 _aNEW DELHI
_bS.Chand
_c2008
300 _aXI;9.44
500 _aQuantity Number: 5
650 _aManagement
942 _cBK
999 _c38533
_d38533